000 00327nam a22001457a 4500
008 210531b ||||| |||| 00| 0 eng d
020 _a0534162436
041 _aeng
080 _a070
082 _a070
100 _a40
101 _aMED
245 _aMedia/Impact An Introduction to Mass Media
_cBiagi,Sh
942 _2udc
_cBK
999 _c57830
_d57830